[Event "FRA-ch U20"]
[Site "Agen"]
[Date "2024.04.14"]
[Round "1"]
[White "Girel, Joseph"]
[Black "Odoni Ruffenach, Loic"]
[Result "1-0"]
[WhiteElo "2479"]
[BlackElo "1880"]
[PlyCount "91"]
[EventDate "2024.04.14"]
[EventType "swiss"]
[EventRounds "9"]
[EventCountry "FRA"]
[SourceTitle "CB17_2024"]
[SourceDate "2024.04.24"]
[SourceVersion "1"]
[SourceVersionDate "2024.04.24"]
[SourceQuality "1"]

1. e4 c5 2. Nf3 Nc6 3. Bb5 g6 4. 0-0 Bg7 5. Nc3 d6 6. e5 d5 7. Bxc6+ bxc6 8. h3 Nh6 9. b3 0-0 10. Ba3 c4 11. Bc5 f6 12. Nd4 Nf5 13. exf6 Bxf6 14. Nce2 Qc7 15. bxc4 Rd8 16. c3 e5 17. Nxf5 Bxf5 18. cxd5 Rxd5 19. d4 Rad8 20. Qb3 Kg7 21. Rfe1 Be6 22. Nf4 exf4 23. Rxe6 f3 24. Rae1 R8d7 25. g3 Rg5 26. Bf8+ Kxf8 27. Rxf6+ Kg7 28. Rxf3 Re7 29. Rxe7+ Qxe7 30. Re3 Qd7 31. Qe6 Qxe6 32. Rxe6 Ra5 33. Rxc6 Rxa2 34. Rc7+ Kf6 35. Rxh7 a5 36. Ra7 a4 37. c4 a3 38. c5 Ke6 39. c6 Kd6 40. c7 Kd7 41. Kg2 Ra1 42. d5 a2 43. d6 Rc1 44. Rxa2 Kxd6 45. Ra6+ Kxc7 46. Rxg6 1-0